Представление документа в формате MARC21

Поле Инд. ПП Название Значение
Тип записи a
Библиографический уровень b
001 Контрольный номер RU/IS/BASE/269101694
005 Дата корректировки 20200522191239.1
008 Кодируемые данные 20080711
040 b Код языка каталог. rus
e Правила каталог. PSBO
041 0_ a Код языка текста rus
084 a Индекс другой классификации/Индекс ББК 85.145.8(5); 76.103(5)
100 1_ a Автор Сулейменова Ф.
q Полное имя Сулейменова Фазила
245 10 a Заглавие Миниатюра Востока
520 0_ a Аннотация Книжная миниатюрная живопись XII - XVIII вв.
650 04 a Основная рубрика живопись
a Основная рубрика изобразительное искусство
a Основная рубрика искусство; история изобразительного искусства
a Основная рубрика история книги
a Основная рубрика книжное дело
653 0_ a Ключевые слова Восток
a Ключевые слова иллюстрации
a Ключевые слова каллиграфия
a Ключевые слова книги
a Ключевые слова книжная миниатюра
a Ключевые слова миниатюра
a Ключевые слова миниатюрная живопись
a Ключевые слова орнамент
a Ключевые слова рукописные издания
a Ключевые слова Средняя Азия
a Ключевые слова школы живописи
773 08 t Заглавие источника Наше наследие
d Дата издания источника 1991
g Прочая информация № 5(23). - С. 31 - 37 : ил.
w Контрольный № источника RU/IS/BASE/179596151
901 t Тип документа b